| Поле | Инд. | ПП | Название | Значение |
|---|---|---|---|---|
| Тип записи | a | |||
| Библиографический уровень | m | |||
| 001 | Контрольный номер | ad80f395-f869-42e6-8730-f0680fd55793 | ||
| 005 | Дата корректировки | 20140226160918.1 | ||
| 008 | Кодируемые данные | 010518 d | ||
| 020 | a | ISBN | 5-225-00299-4 (в пер.) | |
| c | Цена, тираж | 10.00 | ||
| 040 | a | Служба первич. каталог. | RU-RKP | |
| 040 | a | Служба первич. каталог. | НБ ТвГУ | |
| 041 | a | Код языка текста | rus | |
| 080 | a | Индекс УДК | 615.814.1 | |
| 084 | a | Индекс другой классификации/Индекс ББК | Р358.4 | |
| 090 | a | Полочн. индекс | Р358.4 | |
| x | Авторский знак | И26 | ||
| 092 | a | 76.29.45 | ||
| 245 | 10 | a | Заглавие | Иглоукалывание |
| b | Продолж. заглавия | [руководство] | ||
| c | Ответственность | под общ. ред. Хоанг Бао Тяу, Ла Куанг Ниеп ; пер. с вьет. П. И. Алешина | ||
| 260 | 0_ | a | Место издания | Москва |
| b | Издательство | Медицина | ||
| c | Дата издания | 1989 | ||
| 300 | a | Объем | 670, [1] с. | |
| b | Иллюстрации/ тип воспроизводства | ил. | ||
| c | Размеры | 22 см | ||
| 650 | a | Основная рубрика | Акупунктура | |
| 650 | a | Основная рубрика | Терапия | |
| 653 | a | Ключевые слова | Акупунктура | |
| a | Ключевые слова | Иглоукалывание | ||
| 700 | 0_ | a | Другие авторы | Хоанг Бао Тяу |
| e | Роль лиц | ред. | ||
| 700 | 0_ | a | Другие авторы | Ла Куанг Ниеп |
| e | Роль лиц | ред. | ||
| 700 | 1_ | a | Другие авторы | Алешин П. И. |
| e | Роль лиц | пер. | ||
| 700 | 0_ | a | Другие авторы | Фам Ван Лиен |
| e | Роль лиц | авт. | ||
| 901 | t | Тип документа | m | |
| 954 | a | Дата поступления на обработку | 20010518 |